Famous Female Supermodels - Statistics

General Stats
  • This quiz has been taken 597 times
    62 since last reset
  • The average score is 6 of 14
Answer Stats
Life Nationality Hint Person % Correct
1980– Brazilian The world's highest-paid model between 2003 and 2016 Gisele Bündchen
63%
1974– British With her waifish figure, she exemplified the "heroin chic" trend. Kate Moss
60%
1970– British Of Afro-Jamaican descent, also an actress and singer Naomi Campbell
58%
1966– American Trademark mole, or "beauty mark", above her lip Cindy Crawford
56%
1949– British Thin and androgynous, sometimes considered the first supermodel Twiggy
54%
1973– German-American The first German model to become a Victoria's Secret Angel Heidi Klum
53%
1970– German Holds the record for model with the most magazine covers Claudia Schiffer
46%
1965– American Also an actress (The Blue Lagoon, Suddenly Susan) Brooke Shields
44%
1955– Somali-American Muse of Versace, Calvin Klein, Donna Karan and Yves Saint Laurent Iman
44%
1964– Australian Aka "The Body": a record 5 swimsuit issue covers Elle Macpherson
42%
1973– American First black woman on cover of GQ and SI Swimsuit Issue Tyra Banks
39%
1954– American 3 SI swimsuit issue covers in a row ('79-'81); married Billy Joel Christie Brinkley
28%
1965– Canadian Described as the "chameleon" of the fashion industry Linda Evangelista
25%
1969– American Represents Maybelline and Calvin Klein's 1989 Eternity campaign Christy Turlington
16%
No matching quizzes found
Score Distribution
Percent of People with Each Score
Percentile by Number Answered
Your Score History
You have not taken this quiz since the last reset